| 000 | 00928nam a2200205 a 4500 | ||
|---|---|---|---|
| 001 | 000046865 | ||
| 005 | 20240316073905.0 | ||
| 008 | 180403s2016 dr a 000 0 spa d | ||
| 020 | _a9789945893809 | ||
| 040 |
_aDO-SdBNP _bspa _cBNPHU |
||
| 082 |
_axxxx _bG643s |
||
| 100 | 1 |
_aVeloz Maggiolo, Marcio, _d1936-2021 _91104 |
|
| 245 | 1 | 0 |
_aSanto Domingo Monumental / _cMarcio Veloz Maggiolo ; fotografías de Julio González. |
| 260 |
_aSanto Domingo : _bAyuntamiento del Distrito Nacional, _c2016. |
||
| 300 |
_a339 p. : _bil. ; _c31 cm. |
||
| 504 | _aBibliografía : p. 339 | ||
| 505 | 0 |
_aPresentación -- _tSobre esta obra -- _tIntroducción -- _tMonumentos fundacionales -- _tMonumentos del poder -- _tMonumentos de la religiosidad -- _tLa vivienda como monumento -- _tLas calles, monumentos a las pisadas -- _tMonumentos renovados -- _tMonumentos extramuros -- |
|
| 590 | _aInventariado, 2018 /LP | ||
| 700 | 1 |
_aGonzález, Julio _922913 |
|
| 999 |
_c46354 _d46354 |
||